000 01195nam a22003377a 4500
001 BR8900237
003 BR-BrBNA
005 20230928093126.0
007 ta
008 230509b bl.||||| |||| 00| 0 por d
040 _aBR-BrBNA
_bpor
_cBiblioteca Nacional de Agricultura
041 _a(Por)
072 _aQ51; L02
_b0120
_b3820
_b3790
_b5200
090 _ 0120 BR8900237
100 1 _aSaliba, E. de O.S.
110 1 _aUniversidade Federal de Minas Gerais, Belo Horizonte (Brasil). Escola de Veterinaria
_0Tese (Mestrado)
245 1 _aEfeito do hidroxido de sodio sobre o valor nutritivo do residuo de cultura de milho suplementado com ureia, para ruminantes
246 1 _a[Effect of sodium hydroxide on nutritive value of residues of corn supplemented with urea, for ruminants]
260 3 _aBelo Horizonte, MG (Brasil):
_c1988.
300 _a89 p.
500 _aBibliography p. 61-76 (137 ref.); Summary (Por); 16 tables
650 _aMILHO
650 _aHIDROXIDO DE SODIO
650 _aRUMINANTE
650 _aNUTRICAO ANIMAL
650 _aUREIA
650 _aVALOR NUTRITIVO
650 _aSUPLEMENTO ALIMENTAR
909 _a202309
_bLucia
_c55
_dLucia Elande
942 _cBK
999 _c43146
_d43146